|
|
|
|
| LEADER |
00000nam0a2200000 4500 |
| 001 |
148259 |
| 005 |
20231031145414.0 |
| 020 |
|
|
|a RU
|b 83-39514
|
| 035 |
|
|
|a (RuTPU)RU\TPU\book\160714
|
| 090 |
|
|
|a 148259
|
| 100 |
|
|
|a 20081128d1983 m y0rusy5003 ca
|
| 101 |
0 |
|
|a rus
|
| 102 |
|
|
|a RU
|
| 105 |
|
|
|a y z 000ay
|
| 200 |
1 |
|
|a Круг жизни
|e рассказы, повесть
|f С. Т. Романовский
|
| 210 |
|
|
|a Москва
|c Современник
|d 1983
|
| 215 |
|
|
|a 285 с.
|
| 225 |
1 |
|
|a Новинки "Современника"
|
| 333 |
|
|
|a Исключено из фонда НТБ ТПУ
|
| 700 |
|
1 |
|a Романовский
|b С. Т.
|g Станислав Тимофеевич
|
| 801 |
|
0 |
|a RU
|b RuMRKP
|c 19950704
|g psbo
|
| 801 |
|
1 |
|a RU
|b 63413507
|c 20081128
|g PSBO
|
| 801 |
|
2 |
|a RU
|b 63413507
|c 20220516
|g PSBO
|
| 942 |
|
|
|c BK
|